1774 1467 1703 1152 1031 1101 1914 1037 1243 1800 1895 1378 1270 1478 1724 1712 1304 1782 1498 1988 1777 1143 1683 1626 1865 1477 1372 1929 1630 1043 1725 1851 1935 1035 1567 1963 1112 1033 1286 1722 1086 1909 1055 1099 1243 1037 1899 1998 1521 1265 1056 1431 1333 1965 1124 1769 1887 1669 1515 1626 1912 1726 1552 1643 1756 1160 1135 1982 1055 1086 1634 1392 1533 1463 1830 1807 1753 1551 1256 1377 1101 1825 1127 1704 1753 1364 1646 1908 1817 1227 1459 1387 1566 1516 1132 1834 1430 1469 1464 BCNSPRNW ULIB Ver.6.0+V

เปลี่ยนเป็นภาษาไทย

Change to English
 แสดงรายละเอียดบรรณานุกรม
  กลับหน้าหลัก

Brief Record : Get Marc (ISO 2709) : E-mail record : QR code < ปิดหน้าต่าง
LEADER : 00000nam 2200000uu 4500
001    13399120721
003     ULIB
008    121005s2553||||th 000 0 tha d
020    ^a9786165081054
050  4 ^aBQ4570^bส243ช
100 0  ^aสมเด็จพระญาณสังวร,^cสมเด็จพระสังฆราช (เจริญ สุวฑฺฒโน)
245 10 ^aชีวิตนี้สำคัญนัก :^bเพื่อความสุขสวัสดีแห่งชีวิตเบื้องหน้า/^cสมเด็จพระญาณสังวร สมเด็จพระสังฆราชสกลมหาสังฆปรินายก ; แปลโดย นพพร สุวรรณพานิช
246 31 ^aThis present life is so important for the well-being of the future
250    ^aพิมพ์ครั้งที่ 1
260    ^aกรุงเทพฯ :^bแสงดาว,^c2553
300    ^a(18), 206 หน้า ;^c21 ซม.
650  7 ^aธรรมะกับชีวิตประจำวัน
650  7 ^aการดำเนินชีวิต^xแง่ศาสนา^xพุทธศาสนา
650  7 ^aชีวิต^xแง่ศาสนา^xพุทธศาสนา
700 0  ^aนพพร สุวรรณพานิช,^eผู้แปล
945    ^p160^l0^i17690
995    ^aทศพร
999    ^aทศพร เกษรทอง
รายการนี้ยังไม่มีแท็ก
คุณยังไม่ได้ล็อกอิน คุณสามารถมีกิจกรรมร่วมกับเว็บไซต์ได้ แต่ต้องล็อกอินก่อน ::
  ล็อกอิน

รายการสื่อสารสนเทศ

ลำดับที่ ประเภท เลขเรียก/บาร์โค้ด สถานที่ สถานะ
1. วิทยาศาสตร์การแพทย์ และสุขภาพ
วิทยาศาสตร์การแพทย์ และสุขภาพ
BQ4570 ส243ช ฉ.1 
  Barcode: 17690
ห้องสมุดวิทยาเขตสวรรค์ประชารักษ์
►หนังสือทั่วไป
บนชั้น

รายการใกล้เคียง
    หัวเรื่อง [ธรรมะกับชีวิตประจำวัน]

BibComment


ยังไม่เคยถูกคอมเมนท์

คอมเมนท์ทรัพยากรรายการนี้
  คอมเมนท์: ชีวิตนี้สำคัญนัก..


 Copyright 2026. Bcnsprnw @Library